000 02721nam a22003017a 4500
005 20251124103910.0
008 251124t2025 xxk|||||o|||| 00| 0 eng d
020 _a9781783215652
041 _aeng
110 _aRoyal Institution of Chartered Surveyors
245 _aInternational land performance framework
_h[Electronic resource]
250 _a1st ed.
260 _aLondon,
_bRoyal Institution of Chartered Surveyors,
_cNovember 2025
300 _a24p
490 _aRICS Practice Information
520 _aRICS International Land Performance Framework (ILPF) is a tool that provides a clear, practical pathway to measuring the holistic performance of rural land assets. It supports businesses in measuring both strategic and operational land performance, enabling them to identify improvement opportunities and mitigate performance risks. By linking key performance indicators to core business objectives, organisations can make informed decisions about land use and drive meaningful performance improvements.​ The Framework is applicable across all jurisdictions, land types, scales and uses, covering soil, water, minerals, agriculture, forestry, natural capital, energy, utilities, land rights and access. Users can start with selected KPIs and expand their portfolio as needs evolve and data availability increases, accommodating businesses of all sizes and levels of sophistication.​ It allows for each organisation to design KPIs specific to their objectives and stakeholder requirements, ensuring relevance and practical application. The Framework emphasises reliable data capture, analysis and reporting to ensure credible performance measurement.​ For example, a user might want to measure tonnes of carbon sequestered by an area of land, number of visitors availing of open access on their land, length of agricultural tenancies, diversity of species, profit margins on agricultural activities by sector. There is no limit to the KPIs that can be developed.
650 _aBIODIVERSITY
650 _aLAND MANAGEMENT
650 _aRURAL LAND
650 _aSOIL
650 _aSUSTAINABILITY
651 _aInternational
710 _aRoyal Institution of Chartered Surveyors
856 _uhttps://www.rics.org/profession-standards/rics-standards-and-guidance/sector-standards/land-standards/international-land-performance-framework
_zOverview page and FAQs
856 _uhttps://www.rics.org/content/dam/ricsglobal/documents/standards/International-land-performance-framework_1st-edition_November-2025.pdf
_zPractice Information
856 _uhttps://www.rics.org/content/dam/ricsglobal/documents/standards/ilpf-kpi-listing.xlsx
_zKey performance indicators
942 _n0
999 _c122224
_d122224